Proceedings (Record no. 510701)

MARC details
000 -LEADER
fixed length control field 00832nam a2200265Ia 4500
003 - CONTROL NUMBER IDENTIFIER
control field OSt
005 - DATE AND TIME OF LATEST TRANSACTION
control field 20220925185402.0
008 - FIXED-LENGTH DATA ELEMENTS--GENERAL INFORMATION
fixed length control field 220923b |||||||| |||| 00| 0 eng d
037 ## - SOURCE OF ACQUISITION
Terms of availability General Book
040 ## - CATALOGING SOURCE
Original cataloging agency RTL
Transcribing agency RTL
Language of cataloging eng
041 ## - LANGUAGE CODE
Source of code eng
Language code of text/sound track or separate title eng
100 ## - MAIN ENTRY--PERSONAL NAME
Personal name Gentle James E
9 (RLIN) 234220
110 ## - MAIN ENTRY--CORPORATE NAME
Corporate name or jurisdiction name as entry element Symposium on the Interface : (15th) (1982) (Texas)
9 (RLIN) 234221
245 #0 - TITLE STATEMENT
Title Proceedings
Remainder of title Compter science and statistics. Ed b
260 ## - PUBLICATION, DISTRIBUTION, ETC.
Place of publication, distribution, etc. Amsterdam
Name of publisher, distributor, etc. North Holland
Date of publication, distribution, etc. 1983
300 ## - PHYSICAL DESCRIPTION
Extent xi, 379p
Dimensions cm.
500 ## - GENERAL NOTE
General note Bib chapterwise
650 ## - SUBJECT ADDED ENTRY--TOPICAL TERM
Topical term or geographic name entry element Statistics
9 (RLIN) 35791
700 ## - ADDED ENTRY--PERSONAL NAME
Personal name Symposium on the Interface : (15th) (1982) (Texas)
9 (RLIN) 234222
942 ## - ADDED ENTRY ELEMENTS (KOHA)
Classification part B:(D6,9(B), M3
Koha item type General Books
Source of classification or shelving scheme Colon Classification (CC)

No items available.

Copyright @ Delhi University Library System